000 00586nam a2200217Ia 4500
005 20231206092915.0
008 131103s9999 xx 000 0 und d
020 _a582792932
040 _aLoreto College
041 _aEnglish
082 _a420
_bTOD
100 _aTodd,Loreto
245 3 _aAn Introduction to Linguistics,
_cLoreto Todd
260 _aEngland
_bLongman Group UK Limited
_c1897
300 _a134 p.
440 _aYork Handbooks
504 _aIncludes index,glossary and bibliography
700 _aJeffaress,A.N.;series ed.
850 _aLCLIB
942 _cBK
999 _c6970
_d57449